History Quiz

Random History or War Quiz

American World War Army commanders Quiz Stats

Quiz not verified by Sporcle

Challenge
Share
Tweet
Embed
Score 0/15 Timer 10:00
0 Plays Today
% Correct
Omar Bradley
83.3%
George Patton
83.3%
George Patton
83.3%
Courtney Hodges
33.3%
Mark Clark
33.3%
Lucian Truscott
16.7%
Walter Krueger
16.7%
Alexander Patch
16.7%
% Correct
Robert Eichelberger
16.7%
William Simpson
16.7%
Simon Buckner
16.7%
Roy Geiger
0%
Joseph Stillwell
0%
Leonard Gerow
0%
Lewis Brereton
0%

You're not logged in!

Compare scores with friends on all Sporcle quizzes.
Sign Up with Email
OR
Log In

You Might Also Like...

Show Comments

Extras

Top Quizzes Today


Score Distribution

Your Account Isn't Verified!

In order to create a playlist on Sporcle, you need to verify the email address you used during registration. Go to your Sporcle Settings to finish the process.